UBT Library

MANAGING AGRODIVERSITY THE TRADITIONAL WAY (Record no. 9453)

000 -LEADER
fixed length control field 00309nam a22001337a 4500
008 - FIXED-LENGTH DATA ELEMENTS--GENERAL INFORMATION
fixed length control field 170401b xxu||||| |||| 00| 0 eng d
020 ## - INTERNATIONAL STANDARD BOOK NUMBER
International Standard Book Number 9789280810981
041 ## - LANGUAGE CODE
Language code of text/sound track or separate title eng
080 ## - UNIVERSAL DECIMAL CLASSIFICATION NUMBER
Universal Decimal Classification number 574
100 ## - Rafti
Rafti 9
101 ## - Shkurtesa
Shkurtesa SHM
245 ## - TITLE STATEMENT
Title MANAGING AGRODIVERSITY THE TRADITIONAL WAY
Statement of responsibility, etc GYASI, E.A
942 ## - ADDED ENTRY ELEMENTS (KOHA)
Source of classification or shelving scheme
Item type Books
Holdings
Withdrawn status Lost status Source of classification or shelving scheme Damaged status Not for loan Collection code Permanent location Current location Shelving location Date acquired Total Checkouts Full call number Barcode Date last seen Price effective from Koha item type
          Koleksioni i përgjithshem UBT - Lipjan UBT - Lipjan Koleksioni i përgjithshem 04/01/2017   574 GYA 002-035202 04/03/2017 04/01/2017 Books
          Koleksioni i përgjithshem UBT - Lipjan UBT - Lipjan Koleksioni i përgjithshem 04/01/2017   574 GYA 002-035261 04/01/2017 04/01/2017 Books
          Koleksioni i përgjithshem UBT - Lipjan UBT - Lipjan Koleksioni i përgjithshem 04/01/2017   574 GYA 002-035266 04/01/2017 04/01/2017 Books
          Koleksioni i përgjithshem UBT - Lipjan UBT - Lipjan Koleksioni i përgjithshem 04/01/2017   574 GYA 002-035265 04/04/2017 04/01/2017 Books
          Koleksioni i përgjithshem UBT - Lipjan UBT - Lipjan Koleksioni i përgjithshem 04/01/2017   574 GYA 002-035264 04/01/2017 04/01/2017 Books
          Koleksioni i përgjithshem UBT - Lipjan UBT - Lipjan Koleksioni i përgjithshem 04/01/2017   574 GYA 002-035263 04/01/2017 04/01/2017 Books
          Koleksioni i përgjithshem UBT - Lipjan UBT - Lipjan Koleksioni i përgjithshem 04/01/2017   574 GYA 002-035262 04/01/2017 04/01/2017 Books
UBT Library © 2015-2024. All rights reserved University Education for Business and Technology